000 00626nam a2200241Ia 4500
003 OSt
005 20221005042422.0
006 a|||||r|||| 00| 0
007 ta
008 221004b |||||||| |||| 00| 0 eng d
024 _a32272
037 _cTextual
040 _aCRL
_cCRL
_beng
041 _2eng
_aeng
082 _aX:275.2'N5, L4
100 _aBehari Bepin
245 0 _aEconomic growth and technological change in India
260 _aDelhi
_bVikas
_c1974
300 _a274p.
_ccm.
650 _aECONOMICS
942 _hX:275.2'N5, L4
_cTEXL
_2cc
999 _c950213
_d950213